000 00885nab a2200253 u 4500
001 21665
003 HDC
007 cr bn ---aaaaa
008 210309b2016mmddmy d||ne |||| 00| 0 may d
040 _aHDC
100 _aSamadi Ahmad
_98190
245 0 _aPelajar UIAM kongsi penyembelihan halal
_c/ Samadi Ahmad
260 _aMalaysia:
_bNew Straits Times Press (M) Bhd.,
_c2016
300 _a1 online resource (pages v8-v9 )
336 _atext
_2rdacontent
337 _acomputer
_2rdamedia
338 _aonline resource
_2rdacarrier
650 _aSlaughtering and slaughter-houses
_xReligious aspects
_xIslam
_919089
710 _aBerita Harian
856 _zRequest full-text at [email protected]
942 _2lcc
942 _cNEWS
942 _kNWSC 002790
999 _c18981
_d18981